| 000 | 00499cam a2200169ua 4500 | ||
|---|---|---|---|
| 041 |
_aeng _h |
||
| 082 |
_a028.74 6271 _bVAR/WO |
||
| 100 | _aVarma, C V L . | ||
| 245 |
_aWorkshop and canal automation: 27-29 April, 1999 Maharashtra: Proceedings / _cC V L Varma. _hTextual Documents |
||
| 260 |
_aNew Delhi : _bCentral Board of Irrigation and Power (CBIP) , _c1927. |
||
| 300 | _a316 ; . | ||
| 504 | _a | ||
| 650 | _aProceedings | ||
| 700 | 1 | _aRao, A R G . | |
| 942 | _cBK | ||
| 999 |
_c9653 _d9653 |
||